| 000 | 00864nam a2200265 a 4500 | ||
|---|---|---|---|
| 008 | |||
| 020 | _a0851574696 (hbk.) | ||
| 049 | _aMAIN | ||
| 090 |
_aZ 674 _bLAM |
||
| 100 | 1 | _aLambert, Jill. | |
| 245 | 1 | 0 |
_aHow to find information in science and technology / _cJill Lambert, Peter A. Lambert. |
| 250 | _a2nd ed. | ||
| 260 |
_aLondon : _bLibrary Association, _c1991. |
||
| 300 |
_axi, 108 p. : _bill. ; _c24 cm. |
||
| 650 | 0 |
_aInformation storage and retrieval systems _xScience. |
|
| 650 | 0 |
_aInformation storage and retrieval systems _xTechnology. |
|
| 650 | 0 |
_aScience _xInformation services. |
|
| 650 | 0 |
_aTechnology _xInformation services. |
|
| 700 | 1 | _aLambert, Peter A. | |
| 907 |
_a.b10101044 _b23-04-12 _c04-12-03 |
||
| 003 | |||
| 005 | 20230123133534.0 | ||
| 040 | _cNUST | ||
| 942 |
_cBOOKS _kZ 674 _mLAM |
||
| 999 |
_c150328 _d150328 |
||